Datum a čas kvízu
31.5
Celkem bodů
Celkový počet nahraných bodů na tomto kvízu bez doplňovacích otázek.
2.
Pořadí na kvízu
Konečné umístění týmu na tomto kvízu.
Zaznamenané odpovědi
| # | Otázka | Odpověď | Body | Výsledky |
|---|---|---|---|---|
| 1. | Nečekané trable s cestou domů... | 1 | ||
| 2. | Ruští vyšetřovatelé začali vyš... | 0 | ||
| 3. | Ve čtvrtek vstoupil do našich... | 1 | ||
| 4. | Rodící se největší pojišťovna... | 0 | ||
| 5. | Hřiště ve Wembley bylo při pon... | 1 | ||
| 6. | Pokud jste na titulní otázku o... | 0 | ||
| 7. | Americký herec Tobin Bell byl... | 1 | ||
| 5. | Příběh thrilleru s prvky horor... | 1 | ||
| 5. | Jak se jmenuje představitel hl... | 0 | ||
| 10. | Shaun je hospodský povaleč, co... | 1 |